La aventura de México : rumbo al país del oro /

Son seis volúmenes divididos en etapas históricas los que componen esta crónica de México, estos son: los primeros mexicanos, conquistados y conquistadores, la Colonia y la independencia, de la independencia a la intervención francesa, la era de Porfirio Díaz y la revolución, México moderno. La bibl...

Fuld beskrivelse

Guardado en:
Bibliografiske detaljer
Andre forfattere: Ayala Anguiano, Armando (dirección) (dirección)
Format: Bog
Sprog:spansk
Udgivet: México : Publicaciones AAA, 1967, c1967
Fag:
Tags: Tilføj Tag
Ingen Tags, Vær først til at tagge denne postø!

MARC

LEADER 00000nam^a2200000^a^4500
001 000114578
005 20250521000000.0
009 20260310094024.816
037 |a Acervo ITESO - Biblioteca 
041 |a ESP 
082 |a 972. 005  |b AVE V. 2 T. 4 
240 1 4 |a [La aventura de México] 
245 1 3 |a La aventura de México :  |b rumbo al país del oro /  |c Dir. de A. Ayala Anguiano. 
264 4 |a México :  |b Publicaciones AAA,  |c 1967, c1967 
300 |a p. 49-64 
336 |a texto  |b txt  |2 rdacontenido 
337 |a sin mediación  |b n  |2 rdamedio 
338 |a volumen  |b nc  |2 rdasoporte 
520 |a Son seis volúmenes divididos en etapas históricas los que componen esta crónica de México, estos son: los primeros mexicanos, conquistados y conquistadores, la Colonia y la independencia, de la independencia a la intervención francesa, la era de Porfirio Díaz y la revolución, México moderno. La biblioteca sólo cuenta con algunos números del primero y segundo volumen. 
649 |a XX 
650 |a México -  |x Historia -  |x Publicaciones Periódicas 
650 |a Publicaciones Periódicas Mexicanas 
650 |a Totonacos -  |x Historia 
650 |a Indígenas de México -  |x Historia 
650 |a Arte Totonaca 
650 |a Arte Prehispánico -  |z México 
650 |a México -  |x Historia -  |y Epoca Prehispánica 
650 |a México -  |x Historia -  |y Descubrimiento y Conquista, 1517-1521 
700 |a Ayala Anguiano, Armando  |e (dirección) 
910 |a Fondo Salvador Reynoso Reynoso 
920 |a Impresos - Libros 
930 |a Fondos Especiales 
905 |a 112 
901 |a 0800003601  |b IT2  |c ESP  |u 20250521 
902 |a https://opac.biblio.iteso.mx/vufind/Record/000114578